How to cheat a dragon's curse : (Record no. 505)

MARC details
000 -LEADER
fixed length control field 01305cam a22003377a 4500
005 - DATE AND TIME OF LATEST TRANSACTION
control field 20231211150519.0
020 ## - INTERNATIONAL STANDARD BOOK NUMBER
International Standard Book Number 9780316067584
020 ## - INTERNATIONAL STANDARD BOOK NUMBER
International Standard Book Number 9780340999103
020 ## - INTERNATIONAL STANDARD BOOK NUMBER
International Standard Book Number 031606758X
020 ## - INTERNATIONAL STANDARD BOOK NUMBER
International Standard Book Number 9780316114257
020 ## - INTERNATIONAL STANDARD BOOK NUMBER
International Standard Book Number 0316114251
040 ## - CATALOGING SOURCE
Original cataloging agency NMN
Transcribing agency NMN
Modifying agency BIB
-- BAKER
-- BTCTA
-- IUI
-- YDXCP
-- DLC
-- FISKH
Language of cataloging eng
050 00 - LIBRARY OF CONGRESS CALL NUMBER
Classification number PZ7
Item number .C83535 Hm 2007
082 04 - DEWEY DECIMAL CLASSIFICATION NUMBER
Classification number 823.92
Edition number 22
100 1# - MAIN ENTRY--PERSONAL NAME
Personal name Cowell, Cressida.
245 10 - TITLE STATEMENT
Title How to cheat a dragon's curse :
Remainder of title the heroic misadventures of Hiccup Horrendous Haddock III /
Statement of responsibility, etc. as told to Cressida Cowell.
246 30 - VARYING FORM OF TITLE
Title proper/short title Heroic misadventures of Hiccup Horrendous Haddock III
250 ## - EDITION STATEMENT
Edition statement 2010 by Hodder & Stoughton.
260 ## - PUBLICATION, DISTRIBUTION, ETC.
Place of publication, distribution, etc. New York :
Name of publisher, distributor, etc. Little, Brown,
Date of publication, distribution, etc. 2007.
300 ## - PHYSICAL DESCRIPTION
Extent 244 pages :
Other physical details illustrations ;
Dimensions 20 cm.
500 ## - GENERAL NOTE
General note "Special Scholastic edition"--P. [4] of cover.
505 ## - FORMATTED CONTENTS NOTE
Formatted contents note U
520 ## - SUMMARY, ETC.
Summary, etc. Reluctant hero Hiccup Horrendous Haddock III must rescue his best friend, Fishlegs, from the deadly disease Vorpentitis. The only cure is rare and almost impossible to find ... a potato. But where will Hiccup find such a thing?
521 ## - TARGET AUDIENCE NOTE
Target audience note 960 <br/>
Source Lexile
521 ## - TARGET AUDIENCE NOTE
Target audience note U <br/>
Source Raz-Plus
650 #1 - SUBJECT ADDED ENTRY--TOPICAL TERM
Topical term or geographic name entry element Vikings
Form subdivision Fiction.
650 #1 - SUBJECT ADDED ENTRY--TOPICAL TERM
Topical term or geographic name entry element Dragons
Form subdivision Fiction.
906 ## - LOCAL DATA ELEMENT F, LDF (RLIN)
a 7
b cbc
c copycat
d 2
e ncip
f 20
g y-gencatlg
942 ## - ADDED ENTRY ELEMENTS (KOHA)
Source of classification or shelving scheme Dewey Decimal Classification
Koha item type Books
Suppress in OPAC No
999 ## -
-- 505
-- 505
Holdings
Withdrawn status Lost status Source of classification or shelving scheme Damaged status Not for loan Collection Home library Current library Shelving location Date acquired Total Checkouts Full call number Barcode Date last seen Copy number Price effective from Koha item type Date last checked out
    Dewey Decimal Classification     Fiction Footprints International School Library Network Toul Kork Campus Footprints International School Library Network Toul Kork Campus   05/11/2023   COW 823.92 PZ7.C83535 FISTK05006 05/11/2023 1 05/11/2023 Books  
    Dewey Decimal Classification     Fiction Footprints International School Library Network Toul Tom Poung Campus Footprints International School Library Network Toul Tom Poung Campus TTP Secondary Fiction Bookshelves 01/09/2024 2 COW 823.92 PZ7.C83535 FIS04241 10/30/2025 2 05/11/2023 Books 10/22/2025